Countries Bordering Caspian Sea - Map Quiz - Statistics

General Stats
  • This quiz has been taken 629 times
  • The average score is 5 of 5
Answers on the Map
Answers color-coded by a green-red scale on the quiz's map according to % correct below.
 
Answer Stats
Answer % Correct
Azerbaijan
94%
Russia
94%
Iran
93%
Turkmenistan
93%
Kazakhstan
88%
No matching quizzes found
Score Distribution
Percent of People with Each Score
Percentile by Number Answered
Your Score History
You have not taken this quiz